NRJ Music Awards 2013 - Les gagnants - Statistiques

Statistiques générales
  • Ce quiz a été pris 7 fois
  • Le résultat moyen est 4 sur 14
Statistiques - réponses
Hint Réponse % Correct
Award d'honneur (Artiste Coréen) Psy
80%
Artiste féminine internationale Rihanna
60%
Artiste féminine francophone Shy'm
60%
Award d'honneur (Artiste Français) Johnny Hallyday
40%
Artiste masculin francophone M. Pokora
40%
Révélation francophone Tal
40%
Groupe/duo internationale One Direction
20%
Award d'honneur (Artiste Français) Patrick Bruel
20%
Groupe/duo francophone Sexion D'assaut
20%
Chanson francophone Avant qu'elle parte (Sexion d'Assaut)
0%
Artiste masculin international Bruno Mars
0%
Révélation internationale Carly Rae Jepsen
0%
Chanson internationale Gangnam Style (Psy)
0%
Clip de l'année Gangnam Style (Psy)
0%
Aucun quiz correspondant
Distribution des résultats
% des personnes avec chaque résultat
Percentile par nombre de réponses
Votre historique - résultats
Vous n’avez pas pris ce quiz